| 000 | 00697nam a22001337a 4500 | ||
|---|---|---|---|
| 040 | _cRUA | ||
| 082 | _aAGR KEO 2013 B057 Or.1 | ||
| 100 | _aKEO, KUNTHEA. | ||
| 245 | _aEffect of storage and temperature on quality of phka chan sen sar riangchey and car6, ឥទ្ធិពលរយៈពេលស្តុកទុក និងសីតុណ្ហភាពលើគុណភាពអង្ករនៃពូជផ្កាច័ន្ទសែនសរពូជរាំងជ័យ និងពូជខា៦ | ||
| 260 |
_aPhnom Penh _bRUA _c2013 |
||
| 300 |
_axi; 47p. _bill. _c29cm. |
||
| 856 | _uhttps://drive.google.com/file/d/1r4ryTN0ReDVC_EHtSpICxtpadoHXF2Mg/view?usp=sharing | ||
| 942 | _cAGR | ||
| 999 |
_c1311 _d1311 |
||